000
00249nam a2200109Ia 4500
008
220216s9999 xx 000 0 und d
100
_a
Nair A N S
245
0
_a
Mannarinju valam cherkkuka
260
_b
Rubber
_c
2008
300
_a
13-Dec
942
_c
BS
999
_c
48583
_d
48583